01149nam a2200193 u 45000010006000000050017000060080041000230200015000640350010000790350021000890400013001100410008001230820008001311000044001392450024001832600037002073000019002445200692002635880820260506070915.0960313s1982 spa  a8432204366 a58808 a(OCoLC)778164055 ccomduadb aspa 4a81310aFaulkner, William,d1897-19624auteaut10aIntruso en el polvo aBarcelona :bSeix Barral,c1982. a238 páginas.3 aLucas Beauchamp, un anciano negro al que se le acusa del asesinato de un hombre blanco, corre peligro de ser linchado. Gavin Stevens, un eminente abogado local, está empeñado en que se haga justicia, pero el viejo testarudo rechaza su ayuda. En cambio, es a Chick, el sobrino de dieciséis años de Gavin, a quien Lucas confiesa la verdad. Para salvar al viejo, Chick, ayudado por su amigo Aleck Sander y Miss Habersham, va al cementerio para desenterrar el cuerpo del hombre por el cual Lucas es acusado de asesinato. En una carrera desesperada contra el tiempo, Chick descubre el secreto de la tumba, sólo para revelar otro enigma que desconcierta al pueblo sediento de sangre.